Responses for show #6842 - Tuesday, May 20, 2014

Julia Collins game 12.

Contestants

Clayton Walker, an airline operations specialist from Dallas, Texas

Kate Hoffman, a corporate librarian from East Boston, Massachusetts

Julia Collins, a supply chain professional from Kenilworth, Illinois (whose 11-day cash winnings total $231,310)

Jeopardy! Round responses

FAMOUS AMERICANS
READING RAINBOW
FIRST THINGS THIRD
NATIONAL PEOPLE?
A POTPOURRI OF WORDS
(Alex: Each correct response will be made up of the letters in "potpourri".)
MOVIE ENDINGS
    $200 1
(Edward) Snowden

Julia
    $200 6
Violets Are Blue

Julia
    $200 16
the third amendment

Julia
    $200 21
Finn

Kate
    $200 26
troop

Julia
    $200 11
Day

Kate
    $400 2
(Kate: Who is McGwire?)

Hank Aaron

JuliaKate
    $400 7
The Red Badge of Courage

Julia
    $400 17
Gemini

Kate
    $400 22
check/Czech

Clayton
    $400 27
pout

Clayton
    $400 12
Story

Kate
    $600 3
Neil Armstrong

Clayton
    $600 8
Anne of Green Gables

Julia
    $600 18
(Clayton: Who is Prince Harry?)

Prince George

JuliaClayton
    $600 23
Scot

Clayton
    $600 28
uproot

Julia
    $600 13
House

Clayton
    $800 4
Billy Graham

Julia
    $2,000 9
The Island of the Blue Dolphins

Julia
    $800 19
President Taft

Julia
    $800 24
a Pole

Julia
    $800 29
(Kate: What is sherry?)

port

KateClayton
    $800 14
Earth

Kate
    $1000 5
Houdini

Kate
    $1000 10
Yellow

Triple Stumper
    $1000 20
Solomon

Julia
    $1000 25
deign/Dane

Julia
    $1000 30
(Kate: What is a pith--[*]?)
(Alex: Say it again.)
(Kate: What is a [*]?)

pip

Kate
    $1000 15
Man

Kate

Scores at the first commercial break (after clue 15):

Julia Kate Clayton
$4,600 $3,000 $1,200

Scores at the end of the Jeopardy! Round:

Julia Kate Clayton
$9,800 $3,800 $2,800

Double Jeopardy! Round responses

THE MUSEUMS OF EUROPE
UNDER THE MICROSCOPE
I WILL SURVIVE!
DOUBLE "K" WORDS
ROCK & ROLL HALL OF FAMERS
U.S. PLACES
    $400 2
Reykjavik

Julia
    $400 26
bacteria

Clayton
    $400 4
(Julia: What are raisins?)
(Kate: What are peanuts?)

ants

JuliaKate
Triple Stumper
    $400 1
a Trekkie

Julia
    $400 11
Nirvana

Clayton
    $400 19
Las Vegas

Kate
    $800 3
steeplechase

Kate
    $800 27
the epidermis

Kate
    $800 5
(Alex: [*] is correct, yes. Orville [*].)

Wright

Clayton
    $800 6
(Julia: What is--?)

yakked

JuliaClayton
    $800 15
Hall & Oates

Julia
    $800 20
the Delta

Kate
    $1200 8
the Hermitage

Kate
    $1200 28
white blood cells

Julia
    $1200 12
cannibals

Kate
    $1200 7
a jackknife

Julia
    $1200 16
Black Sabbath

Kate
    $1200 21
Acadia

Julia
    $3,000 24
(Julia: Who is--Johann Sebastian Bach?)
(Alex: No, you had to think of a famous composer who lost his hearing--)
(Julia: [Throws hand up and sighs] Of course.)
(Alex: --and that was [*].)

Beethoven

Julia
    $1600 29
cellulose

Julia
    $1600 13
a diving bell

Triple Stumper
    $1600 9
knickknack

Clayton
    $3,000 17
Run-D.M.C.

Kate
    $1600 22
Lake Erie

Julia
    $2000 25
La Scala

Julia
    $2000 30
Spirogyra

Triple Stumper
    $2000 14
Eddie Rickenbacker

Triple Stumper
    $2000 10
a sukkah

Julia
    $2000 18
Joni Mitchell

Julia
    $2000 23
Wichita

Triple Stumper

Scores at the end of the Double Jeopardy! Round:

Julia Kate Clayton
$20,000 $12,800 $6,800

[wagering suggestions for these scores]

Final Jeopardy! Round responses

BRITISH NOVELS
ClaytonWhat is Ulysses???
$6,799
KateWhat is
$10,000
JuliaWhat is 1984?
$5,700
Lord of the Flies

Final scores:

Julia Kate Clayton
$14,300 $2,800 $1
12-day champion: $245,610 2nd place: $2,000 3rd place: $1,000

Game dynamics:

Coryat scores:

Julia Kate Clayton
$21,800 $11,400 $6,800
26 R
(including 1 DD),
3 W
(including 1 DD)
16 R
(including 1 DD),
3 W
11 R,
1 W

Combined Coryat: $40,000

The J! Archive is created by fans, for fans. The Jeopardy! game show and all elements thereof, including but not limited to copyright and trademark thereto, are the property of Jeopardy Productions, Inc. and are protected under law. This website is not affiliated with, sponsored by, or operated by Jeopardy Productions, Inc. Join the discussion at JBoard.tv.